000
00287nam a2200097Ia 4500
005
20251222114343.0
008
251222s1900||||xx |||||||||||||| ||spa||
082
_a
DVD0060/C523/2002
245
0
_a
Charlie Chaplin: L'Emigrante, L'Evaso, La Cura Miracolosa, La Estrada della Paura.:
942
_c
DVD
999
_c
934
_d
934